1477 1671 1508 1806 1471 1860 1435 1883 1088 1592 1322 1898 1778 1065 1313 1822 1093 1176 1383 1047 1353 1821 1234 1194 1554 1965 1923 1296 1789 1822 1516 1891 1136 1211 1049 1375 1166 1191 1899 1723 1172 1329 1549 1795 1988 1439 1260 1113 1397 1917 1583 1850 1488 1149 1428 1839 1560 1694 1793 1446 1105 1284 1214 1763 1722 1058 1972 1053 1951 1846 1075 1979 1852 1744 1160 1425 1074 1631 1107 1901 1072 1133 1869 1503 1390 1198 1031 1100 1848 1528 1033 1273 1662 1396 1297 1598 1257 1413 1919 BCNSPRNW ULIB Ver.6.0+V

เปลี่ยนเป็นภาษาไทย

Change to English
 แสดงรายละเอียดบรรณานุกรม
  กลับหน้าหลัก

Brief Record : Get Marc (ISO 2709) : E-mail record : QR code < ปิดหน้าต่าง
LEADER : 00000nam 2200000uu 4500
001    13399125625
003     ULIB
008    170711s||||||||th 000 0 tha d
020    ^a9786164030121
040    ^abrv
041 0  ^atha^heng
060 04 ^aWT104^bฟ651ต
100 1  ^aเฟอร์แมน, โจเอล
245 10 ^aโตไป--ไกลโรค =^bDisease-proof your child /^cผู้เขียน โจเอลเฟอร์แมน ; ผู้แปลและเรียบเรียง สุธีรา เอื้อไพโรจน์กิจ
246 30 ^aโตไป...ไกลโรค
246 31 ^aDisease-proof your child
250    ^aพิมพ์ครั้งที่ 1
260    ^aกรุงเทพฯ :^bฟรีมายด์,^c2559
300    ^a316 หน้า :^bภาพประกอบ ;^c21 ซม.
650  4 ^aการดูแลสุขภาพ
650  4 ^aโภชนาการ
650  4 ^aเด็ก^xโภชนาการ
650  4 ^aเด็ก^xสุขภาพและอนามัย
650  4 ^aสุขภาพ
650  4 ^aสุขภาพและอนามัย
700 0  ^aสุธีรา เอื้อไพโรจน์กิจ,^eผู้แปล
945    ^p0^l0^i002602
999    ^aประนอม เกษจรัล
รายการนี้ยังไม่มีแท็ก
คุณยังไม่ได้ล็อกอิน คุณสามารถมีกิจกรรมร่วมกับเว็บไซต์ได้ แต่ต้องล็อกอินก่อน ::
  ล็อกอิน

รายการสื่อสารสนเทศ

ลำดับที่ ประเภท เลขเรียก/บาร์โค้ด สถานที่ สถานะ
1. วิทยาศาสตร์การแพทย์ และสุขภาพ
วิทยาศาสตร์การแพทย์ และสุขภาพ
สถานะ=หนังสือเก่า
WT104 ฟ651ต ฉ.1 
  Barcode: 002602
ห้องสมุดวิทยาเขตสวรรค์ประชารักษ์
►ส่วนจัดเก็บหนังสือเก่า สปร
บนชั้น
  ขอยืม

รายการใกล้เคียง
    ผู้แต่ง [เฟอร์แมน, โจเอล]

    หัวเรื่อง [การดูแลสุขภาพ]
    หัวเรื่อง [โภชนาการ]
    หัวเรื่อง [สุขภาพ]
    หัวเรื่อง [สุขภาพและอนามัย]

BibComment


ยังไม่เคยถูกคอมเมนท์

คอมเมนท์ทรัพยากรรายการนี้
  คอมเมนท์: โตไปไกลโรค Dise..


 Copyright 2026. Bcnsprnw @Library